| 000 | 00438nam a2200157 i 4500 | ||
|---|---|---|---|
| 001 | 71778 | ||
| 003 | ES-MaACL | ||
| 005 | 20230906171227.0 | ||
| 007 | t| | ||
| 008 | 040818s1943 it ||||1| ita d | ||
| 100 | 1 |
_aGhidini, Mario. _956569 |
|
| 245 | 1 | 3 |
_aIl registro delle imprese / _cMario Ghidini. |
| 260 |
_aMilano : _bA. Giuffré, _c1943 ( _fCarlo Perego) |
||
| 300 |
_aVI, 85 p. ; _c22 cm. |
||
| 852 |
_aES-MaACL _j1931-F-17 _bR.31849 |
||
| 999 |
_c71778 _d71778 |
||